|
|
|
แสดงรายละเอียดบรรณานุกรม |
|
|
Brief Record
: Get Marc (ISO 2709)
: E-mail record
: |
|
|
| LEADER 00000nam 2200000uu 4500 | |||
| 001 13399122533 | |||
| 003 BCNR | |||
| 008 021004s2540 th a 000 0 tha d | |||
| 020 ^a9746369318 | |||
| 041 0 ^atha | |||
| 050 4 ^aHA32^bศ452ก 2540 | |||
| 100 0 ^aศิริชัย กาญจนวาสี | |||
| 245 10 ^aการใช้โปรแกรมคอมพิวเตอร์ SPSS/PC+ สำหรับงานวิจัย :^bการวิเคราะห์ข้อมูลและแปลความหมาย /^cศิริชัย กาญจนวาสี, สุวิมล ติรกานันท์ และ ศิริเดช สุชีวะ | |||
| 250 ^aพิมพ์ครั้งที่ 3 | |||
| 260 ^aกรุงเทพฯ :^bโรงพิมพ์จุฬาลงกรณ์มหาวิทยาลัย,^c2540 | |||
| 300 ^a173 หน้า :^bภาพประกอบ, ตาราง ;^c29 ซม. | |||
| 650 7 ^aเอสพีเอสเอส (โปรแกรมคอมพิวเตอร์) | |||
| 650 7 ^aสถิติ | |||
| 650 7 ^aวิจัย^xการประมวลผลข้อมูล | |||
| 650 7 ^aเอสพีเอสเอส/พีซีพลัส (โปรแกรมคอมพิวเตอร์) | |||
| 700 0 ^aสุวิมล ติรกานันท์ | |||
| 700 0 ^aศิริเดช สุชีวะ | |||
| 999 ^aบรรณารักษ์ | |||
| คุณยังไม่ได้ล็อกอิน คุณสามารถมีกิจกรรมร่วมกับเว็บไซต์ได้ แต่ต้องล็อกอินก่อน :: |
|
| สถานะ | |||||||||
| 1. | หนังสือ | HA32 ศ452ก 2540 ฉ.1 Barcode: 008373 | ►หนังสือทั่วไป | On Shelf | |||||
| 2. | หนังสือ | HA32 ศ452ก 2540 ฉ.2 Barcode: 010567 | ►หนังสือทั่วไป | On Shelf | |||||
| 3. | หนังสือ | HA32 ศ452ก 2540 ฉ.3 Barcode: 010568 | ►หนังสือทั่วไป | On Shelf | |||||
| 4. | หนังสือ | HA32 ศ452ก 2540 ฉ.4 Barcode: 010595 | ►หนังสือทั่วไป | On Shelf | |||||
| [แสดง 4/4 รายการ] | |||||||||
| รายการใกล้เคียง ผู้แต่ง [ศิริชัย กาญจนวาสี]
หัวเรื่อง [เอสพีเอสเอส (โปรแกรมคอมพิวเตอร์)]
|
BibComment |
| คอมเมนท์ทรัพยากรรายการนี้ |
|
|